| 000 | 00718nam a2200229Ia 4500 | ||
|---|---|---|---|
| 005 | 20211221150945.0 | ||
| 008 | 140110s9999 xx 000 0 und d | ||
| 020 |
_a9788131605073 _cRs.995.00 |
||
| 040 | _aLoreto College | ||
| 041 | _aEnglish | ||
| 082 |
_a303.4 _bMOD |
||
| 245 |
_aModernization,globalization and transformation _bEssays in honour of Professor Yogendra Singh _cEdited by Ishwar Modi |
||
| 260 |
_aJaipur _bRawat Publications _c2012 |
||
| 300 | _aviii,360p | ||
| 504 | _aIncludes bibliographical references and index | ||
| 650 | _aSocial change | ||
| 650 | _aSociology | ||
| 651 | _aGlobalization and social change | ||
| 700 | _aModi,Ishwar,ed. | ||
| 850 |
_aLCLIB _bSociology |
||
| 942 | _cBK | ||
| 999 |
_c38066 _d88545 |
||